[Event "Napoli Basile Memorial-B"]
[Site "Napoli"]
[Date "2007.07.05"]
[Round "5"]
[White "Borrelli, Salvatore"]
[Black "Bellame, Nestore"]
[Result "1-0"]
[WhiteElo "1617"]
[BlackElo "1565"]
[PlyCount "99"]
[EventDate "2007.06.07"]
[EventType "swiss"]
[EventRounds "7"]
[EventCountry "ITA"]
[SourceTitle "EXT 2010"]
[Source "ChessBase"]
[SourceDate "2010.11.25"]
[SourceVersion "1"]
[SourceVersionDate "2010.11.25"]
[SourceQuality "1"]

1. d4 d5 2. Bf4 e6 3. e3 Bd6 4. Bg3 Bxg3 5. hxg3 Nc6 6. Nf3 Nf6 7. c4 a6 8. Nc3 Qe7 9. Be2 Qb4 10. a3 Qxb2 11. Na4 Qxa1 12. Qxa1 h6 13. Nc3 Bd7 14. Qb1 Rb8 15. 0-0 0-0 16. Qa2 Ne7 17. Ne5 dxc4 18. Nxd7 Nxd7 19. Qxc4 c6 20. Qb4 Rfe8 21. Qd6 Nf6 22. Bf3 Nf5 23. Qb4 Ne7 24. Qb3 Red8 25. Na4 Nfd5 26. Nb6 Nf6 27. Rd1 Nf5 28. Qc4 Nd6 29. Qc2 Nb5 30. a4 Nc7 31. Qc5 Nce8 32. e4 Nd7 33. Nxd7 Rxd7 34. d5 Nf6 35. dxe6 Rxd1+ 36. Bxd1 fxe6 37. Qd6 Re8 38. f3 Kf7 39. Bb3 Re7 40. Kf2 Ne8 41. Qf4+ Kg8 42. Qh4 Kf8 43. g4 b5 44. axb5 axb5 45. g5 c5 46. gxh6 gxh6 47. Qxh6+ Ng7 48. Qf4+ Ke8 49. Qb8+ Kf7 50. Qxb5 1-0

[Event "Napoli Basile Memorial-B"]
[Site "Napoli"]
[Date "2007.06.14"]
[Round "2"]
[White "Caporali, Dante"]
[Black "Bellame, Nestore"]
[Result "1-0"]
[WhiteElo "1595"]
[BlackElo "1565"]
[PlyCount "111"]
[EventDate "2007.06.07"]
[EventType "swiss"]
[EventRounds "7"]
[EventCountry "ITA"]
[SourceTitle "EXT 2010"]
[Source "ChessBase"]
[SourceDate "2010.11.25"]
[SourceVersion "1"]
[SourceVersionDate "2010.11.25"]
[SourceQuality "1"]

1. d4 d5 2. c4 e6 3. Nc3 Nf6 4. Bg5 Be7 5. e3 0-0 6. Nf3 Nc6 7. cxd5 exd5 8. Rc1 a6 9. Bd3 h6 10. Bh4 Be6 11. 0-0 Rc8 12. Bb1 Qd7 13. a3 Bg4 14. Bxf6 Bxf6 15. Qc2 g6 16. Nd2 Rfe8 17. Ba2 Ne7 18. b4 Bf5 19. Qd1 Bg4 20. Qb3 c6 21. Na4 Rc7 22. Nc5 Qf5 23. f3 Bh5 24. Bb1 Qg5 25. Rce1 Bxd4 26. exd4 Qxd2 27. g4 Qxd4+ 28. Qe3 Qxe3+ 29. Rxe3 Bxg4 30. fxg4 Rb8 31. Rfe1 Kf8 32. h4 Ng8 33. Bxg6 Ne7 34. Bd3 Ra8 35. Rf1 Kg7 36. Ref3 Nc8 37. Rf6 Re7 38. Kg2 Nb6 39. R6f3 Rae8 40. Kg3 Nc8 41. a4 Nd6 42. R1f2 Re1 43. Nxb7 Ne4+ 44. Bxe4 R8xe4 45. Rxf7+ Kg8 46. Nd6 R4e3+ 47. R2f3 Rxf3+ 48. Rxf3 Re6 49. Nf5 Kh7 50. Re3 Rf6 51. Re7+ Kg8 52. Ra7 h5 53. Rxa6 hxg4 54. Kxg4 Kf7 55. Ra7+ Ke6 56. Re7# 1-0